Medical nursing (Record no. 30772)

MARC details
000 -LEADER
fixed length control field 00293nam a2200121Ia 4500
082 ## - DEWEY DECIMAL CLASSIFICATION NUMBER
Classification number 614.253.5
Item number CHA
245 #0 - TITLE STATEMENT
Title Medical nursing
250 ## - EDITION STATEMENT
Edition statement 9
260 ## - PUBLICATION, DISTRIBUTION, ETC. (IMPRINT)
Place of publication London
Name of publisher Bailliere Tindall
Year of publication 1941
700 ## - ADDED ENTRY--PERSONAL NAME
Personal name Chapman, Christine M
942 ## - ADDED ENTRY ELEMENTS (KOHA)
Koha item type Books
Holdings
Withdrawn status Lost status Damaged status Not for loan Home library Current library Date acquired Cost, normal purchase price Full call number Accession Number Koha item type
        RRII Library RRII Library 16/12/2021 1.80 614.253.5 CHA 11331 Books